Megarry and Wade (Record no. 107716)

MARC details
000 -LEADER
fixed length control field 02426cam a22003135a 4500
001 - CONTROL NUMBER
control field L141637
008 - FIXED-LENGTH DATA ELEMENTS--GENERAL INFORMATION
fixed length control field 071207s2008 xxk k f v 001 0 eng d
020 ## - INTERNATIONAL STANDARD BOOK NUMBER
International Standard Book Number 9780421964105
035 ## - SYSTEM CONTROL NUMBER
System control number (Sirsi) u141637
041 0# - LANGUAGE CODE
Language code of text/sound track or separate title eng
050 04 - LIBRARY OF CONGRESS CALL NUMBER
Classification number 346.42043 $2 22
100 1# - MAIN ENTRY--PERSONAL NAME
Personal name Harpum, Charles
245 00 - TITLE STATEMENT
Title Megarry and Wade
Remainder of title the law of real property
250 ## - EDITION STATEMENT
Edition statement 7th ed.
260 ## - PUBLICATION, DISTRIBUTION, ETC.
Place of publication, distribution, etc. London
Name of publisher, distributor, etc. Sweet & Maxwell
Date of publication, distribution, etc. 2007
300 ## - PHYSICAL DESCRIPTION
Extent cclxxv, 1608p.
Other physical details ill.
Dimensions 24cm.
505 2# - FORMATTED CONTENTS NOTE
Formatted contents note Introduction -- Tenures -- Estates -- Possession of land -- Law and equity -- Legislative transformation of the law of real property and the protection of estates and interests -- Registration of title -- Unregistered conveyancing: titles and incumbrances -- Perpetuities and accumulations -- The use of trusts in the law of real property -- Creating trusts of land -- The Trusts of Land and Appointment of Trustees Act 1996 -- Co-ownership -- Wills and intestacy -- Contracts of sale -- Proprietary estoppel -- The nature and creation of leases -- Determination of leases -- Common obligations of landlord and tenant leasehold covenants -- Leasehold conveyancing -- Security of tenure -- Fixtures -- The nature and creation of mortgages and charges -- The rights of the parties under a mortgage or charge -- Priority of mortgages -- Nature of easements and profits -- The creation of easements and profits -- Species of easements and profits -- Other incorporeal hereditaments -- Freehold covenants -- Commonhold -- Licenses -- Adverse possession and limitation -- Disabilities -- Appendix
520 ## - SUMMARY, ETC.
Summary, etc. Sets out the legal framework for real property for both students and practitioners of trust estates. Emphasises the main principles which the law of property rests on. Contains all the legislation that a trust practitioner needs, in one volume. This edition takes into account the fact that most land in England and Wales is registered. Considers the impact of the Land Registration Act 2002 and commonhold. Takes account of the leading cases to illustrate the points made. Includes a glossary.
520 ## - SUMMARY, ETC.
Summary, etc. Superseded by Megarry's manual of the law of real property 9th ed ebook L158255.
521 20 - TARGET AUDIENCE NOTE
Target audience note Advanced
590 ## - LOCAL NOTE (RLIN)
Local note KA
651 #4 - SUBJECT ADDED ENTRY--GEOGRAPHIC NAME
Geographic name England and Wales
Chronological subdivision 1543-
690 ## - LOCAL SUBJECT ADDED ENTRY--TOPICAL TERM (OCLC, RLIN)
Topical term or geographic name as entry element PROPERTY
700 1# - ADDED ENTRY--PERSONAL NAME
Personal name Bridge, Stuart
700 1# - ADDED ENTRY--PERSONAL NAME
Personal name Dixon, Martin
700 1# - ADDED ENTRY--PERSONAL NAME
Personal name Megarry, Robert
Titles and other words associated with a name Sir
700 1# - ADDED ENTRY--PERSONAL NAME
Personal name Wade, William
Titles and other words associated with a name Sir
942 ## - ADDED ENTRY ELEMENTS (KOHA)
Suppress in OPAC 0
Holdings
Withdrawn status Lost status Source of classification or shelving scheme Damaged status Not for loan Home library Current library Shelving location Date acquired Cost, normal purchase price Total Checkouts Full call number Barcode Date last seen Date last checked out Copy number Cost, replacement price Price effective from Koha item type
    Dewey Decimal Classification     London London Basement 30/07/2008 140.25 8 RESERVE 30075966 06/08/2019 18/01/2010 1 140.25 06/08/2019 Book